ディズニーランドのある都市 - Statistics

General Stats
  • This quiz has been taken 675 times
  • The average score is 4 of 6
Answer Stats
答え % Correct
東京
100%
上海
80%
パリ
74%
フロリダ
64%
香港
62%
カリフォルニア
56%
No matching quizzes found
Score Distribution
Percent of People with Each Score
Percentile by Number Answered
Your Score History
You have not taken this quiz